000 00525nam a2200205Ia 4500
003 OSt
005 20230607161035.0
008 210423s2002 xx 000 0 und d
040 _cAL
041 _aeng
082 _a331 SARL
_223
100 _aSARMA (A M)
_9121831
245 _aLabour administration in india
260 _bHimalaya Publishing House
_c2002
365 _b75
_cINR
650 _aEconomics
_9121832
650 _aLabour Economics
_9121833
906 _aadministration ; india ; Labour
942 _2ddc
_cBK
999 _c173877
_d173877